A Dictionary of Modern Legal Usage / (Record no. 45)

MARC details
000 -LEADER
fixed length control field 00760cam a2200241 a 4500
003 - CONTROL NUMBER IDENTIFIER
control field OSt
005 - DATE AND TIME OF LATEST TRANSACTION
control field 20170706213012.0
008 - FIXED-LENGTH DATA ELEMENTS--GENERAL INFORMATION
fixed length control field 170705b xxu||||| |||| 00| 0 eng d
020 ## - INTERNATIONAL STANDARD BOOK NUMBER
International Standard Book Number 0195043774
020 ## - INTERNATIONAL STANDARD BOOK NUMBER
International Standard Book Number 0195065786
040 ## - CATALOGING SOURCE
Original cataloging agency LDCLIB
Transcribing agency LDCLIB
082 04 - DEWEY DECIMAL CLASSIFICATION NUMBER
Classification number Ref. 340.03
Edition number 22
Item number GAR
100 1# - MAIN ENTRY--PERSONAL NAME
Personal name Garner, Bryan A.
9 (RLIN) 125
245 12 - TITLE STATEMENT
Title A Dictionary of Modern Legal Usage /
Statement of responsibility, etc Bryan A. Garner.
260 ## - PUBLICATION, DISTRIBUTION, ETC. (IMPRINT)
Place of publication, distribution, etc New York :
Name of publisher, distributor, etc Oxford University Press,
Date of publication, distribution, etc c1987.
300 ## - PHYSICAL DESCRIPTION
Extent xviii, 587 p. ;
Dimensions 24 cm.
504 ## - BIBLIOGRAPHY, ETC. NOTE
Bibliography, etc Includes bibliographical references.
650 #0 - SUBJECT ADDED ENTRY--TOPICAL TERM
Topical term or geographic name as entry element Law
Geographic subdivision United States
General subdivision Terminology.
9 (RLIN) 126
650 #0 - SUBJECT ADDED ENTRY--TOPICAL TERM
Topical term or geographic name as entry element Law
Geographic subdivision United States
General subdivision Language.
9 (RLIN) 127
650 #0 - SUBJECT ADDED ENTRY--TOPICAL TERM
Topical term or geographic name as entry element Legal composition.
9 (RLIN) 39
650 #0 - SUBJECT ADDED ENTRY--TOPICAL TERM
Topical term or geographic name as entry element English language
General subdivision Usage
-- Dictionaries.
9 (RLIN) 128
942 ## - ADDED ENTRY ELEMENTS (KOHA)
Source of classification or shelving scheme Dewey Decimal Classification
Koha item type Books
Holdings
Withdrawn status Lost status Source of classification or shelving scheme Damaged status Not for loan Home library Current library Shelving location Date acquired Total Checkouts Full call number Barcode Date last seen Price effective from Koha item type
    Dewey Decimal Classification     Law Development Centre Main Library Law Development Centre Main Library Text Books and Laws 04/06/2011   Ref. 340.03 GAR 2011/2550 04/06/2011 04/06/2011 Books